书目信息 |
| 题名: |
动态经济学方法
|
|
| 作者: | 龚六堂 编著 | |
| 分册: | ||
| 出版信息: | 北京 北京大学出版社 2002 |
|
| 页数: | 554 | |
| 开本: | 21cm | |
| 丛书名: | ||
| 单 册: | ||
| 中图分类: | F019.2 | |
| 科图分类: | ||
| 主题词: | 政治经济学--概论 | |
| 电子资源: | ||
| ISBN: | 7-301-05277-4 | |
| 000 | 00534nam0 2200181 450 | |
| 001 | 0760515518 | |
| 005 | 20070817164835.51 | |
| 010 | @a7-301-05277-4@d¥50.00 | |
| 100 | @a20070817d km y0chiy0120 ea | |
| 101 | 0 | @achi |
| 200 | 1 | @a动态经济学方法@Adong tai jing ji xue fang fa@f龚六堂编著@Fgong liu tang bian zhu |
| 210 | @a北京@c北京大学出版社@d2002 | |
| 215 | @a554@d21cm | |
| 606 | 0 | @a政治经济学@x概论 |
| 690 | @aF019.2@v3 | |
| 701 | 0 | @a龚六堂@Agong liu tang@4编著 |
| 801 | 0 | @aCN@bPFT@c20070817 |
| 905 | @a213230@dF019.2@eg101@f1 | |
| 动态经济学方法/龚六堂编著.-北京:北京大学出版社,2002 |
| 554;21cm |
| ISBN 7-301-05277-4:¥50.00 |
| ● |
| 相关链接 |
|
|
|
|
正题名:动态经济学方法
索取号:F019.2/g101
 
预约/预借
| 序号 | 登录号 | 条形码 | 馆藏地/架位号 | 状态 | 备注 |
| 1 | 6502954 | 265029541 | 密集书库-海洋学院/ [索取号:F019.2/g101] | 在馆 | |
| 2 | 6502955 | 265029550 | 密集书库-海洋学院/ [索取号:F019.2/g101] | 在馆 |